000 00645nam a2200217 i 4500
001 64117
003 ES-MaACL
005 20250829112153.0
007 t|
008 031222s1973 sp ||||1| spa d
100 1 _aFlamant, Maurice.
_951102
245 1 3 _aLa inflacion /
_cpor Maurice Flamant ; [traducción de Francisco Lloveras].
250 _a[1ª ed.].
260 _aVilassar de Mar :
_bOikos-Tau,
_c[1973]
300 _a117 p. ;
_c18 cm.
490 1 _a¿Qué sé? ;
_v90
700 1 _aLloveras, Francisco.
_972938
830 0 _a¿Qué sé?
_v90
_9181382
852 _aES-MaACL
_jC-52102
_bR.85018
999 _c64117
_d64117